|
|
|
|
| LEADER |
00970nab#a2200301#ar4500 |
| 001 |
000074941 |
| 003 |
SVKKK |
| 005 |
20050614xxxxxxx. |
| 008 |
06 c xo huno |
| FMT |
|
|
|
| 038 |
|
|
|a SVKKK
|
| 040 |
|
|
|a SVKKK
|b slo
|e AACR2
|
| 041 |
0 |
|
|a hun
|
| 044 |
|
|
|a xo
|c SK
|
| 080 |
|
|
|a 69:616
|
| 242 |
1 |
0 |
|a Michalovská nemocnica...
|
| 245 |
0 |
0 |
|a A nagymihályi kórház...
|
| 500 |
|
|
|a mikrofilm
|
| 520 |
2 |
|
|a Správa o tom, že na základe memoranda ku ministrovi bola povolená výstavba nemocnice v Michalovciach, povolená bola aj pôžička a tak sa s výstavbou začne už v marci roku 1901.
|
| 650 |
0 |
4 |
|a výstavba nemocnice - povolkenie ministerské - pôžičky povolené - Michalovce - marec 1901 - správy
|
| 773 |
0 |
|
|t Felsőmagyarországi Hirlap : Politikai ujság
|g Roč. 4, č. 15 (20.02.1901) s. 3
|
| 957 |
|
|
|a Michalovce
|
| 958 |
|
|
|a DG
|
| 958 |
|
|
|a SK
|
| 974 |
|
|
|a Ba
|d 20050614
|
| 992 |
|
|
|a RBX
|
| BAS |
|
|
|
| 998 |
|
|
|a RETRO
|